000 01195nam a2200301 a 4500
003 DO-SdBPM
005 20260302123202.0
007 ta
008 220622e2007 dr ||||| |||| 001 pdspa d
040 _aDO-SdBPM
_bspa
_cBPMSU
_drda
082 0 4 _aRD868.44
_bO64d 2007
_222
100 1 _aOrbe Báez, Alejandro Sócrates del,
_eautor
_d1940-
_4aut.
245 1 0 _aDel tiempo y del espacio :
_bhacia una sociología de la prosa popular dominicana. /
_cAlejandro Sócrates Del Orbe Báez ; Prólogo Mariano Lebrón Saviñón
264 _aSanto Domingo :
_bFundación Hombre y Universo,
_c2007.
300 _a225 páginas ;
_c21 cm.
336 _atexto
_btxt
_2rdacontent
337 _asin mediación
_bn
_2rdamedia
338 _avolumen
_bnc
_2rdacarrier
500 _aIncluye datos biográficos del autor en página 25.
590 _aInventariado 2022 / MF
650 7 _aProsa dominicana
_xHistoria y crítica
650 7 _a Prosistas dominicanos
650 7 _aLiteratura dominicana
_xHistoria y crítica
700 1 _aLebrón Saviñon, Mariano
_d1922-2014
_eprólogo
700 z _aSaviñón, Mariano Lebrón
_d1922-2014
910 _aVMateo V. Control de calidad. BPMSU
942 _2ddc
_cBK
999 _c15740
_d15740